Central Library OPAC University of Rajshahi

Introduction to probability / (Record no. 34066)

MARC details
000 -LEADER
fixed length control field 01072nam a2200301 a 4500
001 - CONTROL NUMBER
control field 34066
003 - CONTROL NUMBER IDENTIFIER
rucl marc code BD-RjUL
005 - DATE AND TIME OF LATEST TRANSACTION
control field 20211209052112.0
008 - FIXED-LENGTH DATA ELEMENTS--GENERAL INFORMATION
fixed length control field 141115s1997 riua b 001 0 eng
020 ## - INTERNATIONAL STANDARD BOOK NUMBER
International Standard Book Number 9780821848579
035 ## - SYSTEM CONTROL NUMBER
System control number (BD-RjUL)34160
040 ## - CATALOGING SOURCE
Original cataloging agency DLC
Transcribing agency DLC
Modifying agency DLC
Language of cataloging eng
041 ## - LANGUAGE CODE
Language code of text/sound track or separate title eng
082 00 - DEWEY DECIMAL CLASSIFICATION NUMBER
Classification number 519.2
Edition number 21
Author mark and year GRI 1997
100 1# - MAIN ENTRY--PERSONAL NAME
Personal name Grinstead, Charles M.
Fuller form of name (Charles Miller),
Dates associated with a name 1952-
9 (RLIN) 113950
245 10 - TITLE STATEMENT
Title Introduction to probability /
Statement of responsibility, etc. Charles M. Grinstead, J. Laurie Snell.
250 ## - EDITION STATEMENT
Edition statement 2nd rev. ed. /
260 ## - PUBLICATION, DISTRIBUTION, ETC. (IMPRINT)
Place of publication, distribution, etc. Providence, RI :
Name of publisher, distributor, etc. American Mathematical Society,
Date of publication, distribution, etc. c1997.
300 ## - PHYSICAL DESCRIPTION
Pagination xi, 510 p. :
Illustrations ill. ;
Size 26 cm.
500 ## - GENERAL NOTE
General note Rev. ed. of: Introduction to probability / J. Laurie Snell. 1st ed. c1988.
504 ## - BIBLIOGRAPHY, ETC. NOTE
Bibliography, etc Includes bibliographical references and index.
650 #0 - SUBJECT ADDED ENTRY--TOPICAL TERM
Topical term or geographic name as entry element Probabilities.
9 (RLIN) 113951
700 1# - ADDED ENTRY--PERSONAL NAME
Personal name Snell, J. Laurie
Fuller form of name (James Laurie),
Dates associated with a name 1925-
Personal name Snell, J. Laurie
Fuller form of name (James Laurie),
Dates associated with a name 1925-
942 ## - ADDED ENTRY ELEMENTS (KOHA)
Source of classification or shelving scheme Dewey Decimal Classification
Koha item type Books
Holdings
Lost status Source of classification or shelving scheme Damaged status Not for loan Collection code Permanent Location Current Location Shelving location Date acquired Source of acquisition Cost, normal purchase price Total Checkouts Full call number Date last seen Copy number Koha item type
  Dewey Decimal Classification   Not For Loan Non-fiction Central Library, University of Rajshahi Central Library, University of Rajshahi Reading Room 23/07/2014 Chittagong, Battighar 1938.00   519.2 GRI 1997 15/11/2014 C-1 Books